Rocky Horror Picture Show - Dammit Janet Lyrics - Statistics

General Stats
  • This quiz has been taken 48 times
    15 since last reset
  • The average score is 227 of 253
Answer Stats
Answer % Correct
a
100%
A
100%
do
100%
E
100%
I
100%
it
100%
J
100%
Janet
100%
love
100%
me
100%
my
100%
N
100%
oh
100%
Oh
100%
R
100%
the
100%
The
100%
then
100%
was
100%
you
100%
and
92%
And
92%
beat
92%
Brad
92%
brides
92%
but
92%
dammit
92%
Dammit
92%
fan
92%
fire
92%
girls
92%
go
92%
heart
92%
I'm
92%
in
92%
I've
92%
long
92%
no
92%
one
92%
other
92%
road
92%
say
92%
skillful
92%
so
92%
So
92%
that
92%
That
92%
that's
92%
That's
92%
thats
92%
there's
92%
There's
92%
thing
92%
to
92%
way
92%
we
92%
we're
92%
Betty
83%
can
83%
deep
83%
don't
83%
engaged
83%
for
83%
glad
83%
got
83%
had
83%
Hey
83%
If
83%
is
83%
lets
83%
mad
83%
man
83%
Monroe
83%
Now
83%
plan
83%
ran
83%
really
83%
river
83%
something
83%
swam
83%
tell
83%
Yes
83%
am
75%
began
75%
dad
75%
future
75%
good
75%
Here's
75%
it's
75%
joker
75%
left
75%
met
75%
ours
75%
please
75%
prove
75%
ring
75%
than
75%
three
75%
too
75%
uh
75%
ways
75%
bad
67%
examit
67%
fool
67%
grow
67%
know
67%
mediocre
67%
nicer
67%
or
67%
science
67%
see
67%
When
67%
eye
58%
give
58%
his
58%
huh
58%
panic
58%
Made
50%
you've
50%
mum
42%
bouqet
17%
No matching quizzes found
Score Distribution
Percent of People with Each Score
Percentile by Number Answered
Your Score History
You have not taken this quiz since the last reset